01404nam a2200241 a 450000100100000000500170001000800410002704000250006808200150009310000260010824503370013426000780047130000320054950000570058150400410063856300620067970000350074104900090077695201280078595201130091395201190102699900170114500002148020200930011337.0100908s2004 dr a 000 0 spa d aDO-SdBNPbspacBNPHU axxxbS237p1 aSantoni, J. R.94479810aPotenciales en W en el EMG de la ELA, avulsión del plexo branquial y polio en comparación con la polineuropatia = W potencial in the EMG of ALS, poliomyelitis, brachial plexus avulsion compared to polyneuropathy :brelevancia de otros signos de reposo = relevance of other resting sings /cJ. R. Santoni, C. J. Santoni-Williams. aSanto Domingo :bAcademia de Ciencia de la República Dominicana,c2004. a34 ; 33 p. :bil. ;c22 cm. aIncluye datos biográficos del autor en las solapas aIncluye referencias bibliográficas aEncuadernación invertida título en el idioma inglés1 aSantoni-Williams, C. J.944799 aBNPD 001054708DSaGRbGRcCTd2010-09-08iLF1l0oxxx S237pp21480-30r2020-06-25te. 3w2020-06-25yLFDSZPréstamo en sala 0010718PDaPDbPDcCTd2010-09-08iLF1l0oxxx S237pp21480-10r2020-06-25w2020-06-25yLFPDZNo se presta 0010718PDaPDbPDcCTd2010-09-08iLF1l0oxxx S237pp21480-20r2020-06-25te. 2w2020-06-25yLFPDZNo se presta c20980d20980